00488nam a2200181 a 4500001001300000003000900013005001700022008004100039020001000080082001300090100001900103245006800122260004300190300000900233500003500242505001000277700001900287nice12345678IN_TiNIC20260116011828.0050524s1948 lona grp 000 0 eng  ac10000a201bIRE aIremonger, F A aWilliam Templeb Archbishop of Canterbury His Life and Letters. aLondonbOxford University Press c1948 a663p aincludes index and biblioraphy2 aIndex1 aIremonger, F A